Optimalizácia sieťových grafov pomocou evolučných stratégií

Príspevok prezentuje jeden z výstupov projektu s názvom Nové trendy v modelovaní podnikových procesov a optimalizácia procesných máp v podnikoch. V príspevku je podrobne rozobraný jeden z návrhov na efektívnu optimalizáciu procesných máp pomocou evolučných stratégií. Optimalizácia procesných máp s v...

ver descrição completa

Na minha lista:
Detalhes bibliográficos
Autor principal: Filanová, Jana, 1967-
Formato: Capítulo de Livro
Idioma:eslovaco
Assuntos:
Tags: Adicionar Tag
Sem tags, seja o primeiro a adicionar uma tag!

MARC

LEADER 00000nla a2200000 4500
001 0213094
005 20240502073539.1
041 0 |a slo 
044 |a SK 
245 1 0 |a Optimalizácia sieťových grafov pomocou evolučných stratégií  |c Jana Filanová 
520 |a Príspevok prezentuje jeden z výstupov projektu s názvom Nové trendy v modelovaní podnikových procesov a optimalizácia procesných máp v podnikoch. V príspevku je podrobne rozobraný jeden z návrhov na efektívnu optimalizáciu procesných máp pomocou evolučných stratégií. Optimalizácia procesných máp s využitím evolučných stratégií môže pomôcť eliminovať nepotrebné činnosti a podprocesy, a dokáže tak zefektívniť celý proces a skrátiť celkovú dobu procesu. 
610 2 0 |a procesy podnikové 
610 2 0 |a riadenie podnikové 
610 2 0 |a optimalizácia 
610 2 0 |a grafy sieťové 
610 2 0 |a algoritmy 
610 2 0 |a analýza sieťová 
100 1 |a Filanová, Jana, 1967-